| 000 | 01176cam a2200361 a 4500 | ||
|---|---|---|---|
| 001 | 000003757 | ||
| 003 | DO-SdBNP | ||
| 005 | 20180205120746.0 | ||
| 008 | 691223s1987 sp 000 f spa d | ||
| 010 | _a000003757 | ||
| 020 | _a8420459992 | ||
| 040 |
_aBPMSU _bspa _cBPMSU |
||
| 041 | 1 | 7 | _aspa |
| 082 | 4 |
_a823.914 _bC556g, 1987 |
|
| 100 | 1 |
_aChristopher, John. _q(John Christopher Wells), _d1939- |
|
| 240 | 1 | 4 |
_aThe guardians. _lespañol |
| 245 | 1 | 4 |
_aLos guardianes / _cJohn Christopher ; traducción, Antonio Prometeo Moya. |
| 260 |
_aBarcelona : _bAlfaguara, _c1987 |
||
| 300 |
_a172 p. ; _c20 cm. |
||
| 490 | 1 | _aBiblioteca juvenil | |
| 534 |
_pTítulo original: _tThe guardians |
||
| 650 | 4 |
_aLITERATURA INGLESA _ySIGLO XX. |
|
| 650 | 4 |
_aNOVELA INGLESA _ySIGLO XX. |
|
| 700 | 1 |
_aPrometeo Moya, Anntonio _etrad. |
|
| 830 | 0 | _aBiblioteca juvenil. | |
| 930 | 1 |
_lBND01 _mLF1 _h823.914 _820090713 _f02 _pCT |
|
| 942 |
_2ddc _cBK |
||
| 945 | _aInventariado, 2018/MFF | ||
| 956 |
_aCAPONTE _b10 _c20090720 _lBND01 _h0812 |
||
| 956 |
_aWBRITO _b10 _c20090915 _lBND01 _h1928 |
||
| 956 |
_aJPOLANCO _b30 _c20090915 _lBND01 _h1936 |
||
| 956 |
_aVMATEO _b10 _c20151123 _lBPMSU _h00151 |
||
| 999 |
_c8859 _d8859 |
||